| 000 | nam a22 7a 4500 | ||
|---|---|---|---|
| 999 |
_c18162 _d18160 |
||
| 001 | 22501 | ||
| 003 | OSt | ||
| 005 | 20220105124010.0 | ||
| 008 | 220105b xxu||||| |||| 00| 0 eng d | ||
| 020 | _a716203960D | ||
| 040 | _cDDC | ||
| 082 | _aR/287.509 | ||
| 245 |
_aA History of the Methodist Church in Great Britain _c[General Editors] Rupert Davis Gorden Rupp |
||
| 260 |
_aLondon _bEpworth Press _c1965 |
||
| 300 |
_aviii, 332 P, : _c25 cm |
||
| 942 |
_2ddc _cBK |
||